El concepto constitucional de sanción administrativa

Uloženo v:
Podrobná bibliografie
Hlavní autor: Casino Rubio, Miguel
Médium: Neznámo
Jazyk:angličtina
španělština
Vydáno: Madrid, España Centro de Estudios Políticos y Constitucionales 2018
Vydání:Primera edición
Edice:Foros y Debates v.6
Témata:
Tagy: Přidat tag
Žádné tagy, Buďte první, kdo vytvoří štítek k tomuto záznamu!

MARC

LEADER 00000 a2200000 4500
003 CL-VaPUC
005 20210406001358.0
008 200116b ||||| |||| 00| 0 eng d
999 |c 376057  |d 376055 
020 |a 9788425917745 
040 |c Pontificia Universidad Católica de Valparaíso 
041 0 |a spa 
082 |a 342 CAS 2018 
100 1 |a Casino Rubio, Miguel  |9 604976 
245 1 3 |a El concepto constitucional de sanción administrativa 
250 |a Primera edición 
260 3 |b Centro de Estudios Políticos y Constitucionales  |c 2018  |a Madrid, España 
300 |a 168 p 
490 0 0 |a Foros y Debates  |v v.6 
505 0 |a Capítulo I. Espurgando en la doctrina del Tribunal Constitucional. Capítulo II. Infracción administrativa, ilícitos privados y otros incumplimientos. Capítulo III. La consecuencia desfavorable. Capítulo IV. Las medidas restrictivas de derechos. Capítulo V. El mito del carácter punitivo de las revocaciones de derechos y prohibiciones de ejercicio. 
583 |k Hugo Gaete  |c 20200116 
650 0 0 |a Derecho constitucional   |9 222588 
650 0 0 |a Actos administrativos   |9 256128 
650 0 0 |a SANCIONES ADMINISTRATIVAS  |9 574917 
942 |2 ddc  |c BK 
952 |0 0  |1 0  |2 ddc  |4 0  |6 342_000000000000000_CAS_2018  |7 0  |9 495232  |a BIBDER  |b BIBDER  |d 2019-12-27  |e 36  |g 11549.00  |i 5568455  |o 342 CAS 2018  |p 5568455  |r 2023-01-25  |t 1  |v 11549.00  |w 2019-12-27  |y BK  |k DER